Trinásty ročník prehliadky Nová slovenská hudba

Bibliographic Details
Main Author: Urbancová, Hana, 1956- (Author)
Format: Article
Language:Slovak
PhysicalDescription:Lit. 12 zázn. v slov. (Samostatná bibliografická príloha na s. 76-77.)
Subjects:

MARC

LEADER 00000nab a2200000 a 4500
001 vtls000378442
003 SK-MaSNL
005 20260302223822.0
008 160204c1988 xo 0 slo
015 |a SNBRA19rr/mm-uuuuu 
035 |a CL0378564 
040 |a SNKBUCL  |b slo  |c SNKBUCL  |e AACR2 
041 0 |a slo 
044 |a xo  |c SK 
080 |a 78.091.4:782/785  |2 1981 
080 |a 782/785  |2 1981 
080 |a 016  |2 1981 
100 1 |a Urbancová, Hana,  |d 1956-  |4 aut  |9 189990 
245 1 0 |a Trinásty ročník prehliadky Nová slovenská hudba  |c Hana Urbancová 
300 |b Lit. 12 zázn. v slov. (Samostatná bibliografická príloha na s. 76-77.) 
650 0 7 |a Nová slovenská hudba 1988, Bratislava  |2 snkbucl  |9 941982 
651 7 |a 5100  |2 snkbucl  |9 166206 
655 7 |a články zo zborníkov  |2 snkbucl  |9 166140 
773 0 |t Hudobná sezóna 1987/88. Kritika 9  |d Bratislava : Ústav umel. kritiky a divadelnej dokumentácie, 1988 
850 |a Slovenská národná knižnica v Martine  |a MTA001 
852 |a SNK  |b KIS3GCP 
958 |a NB 
958 |a RK 
958 |a SF 
992 |a RZB 
999 |c 1521913  |d 1523843